000 00682nam a22002417a 4500
001 BR9603018
003 BR-BrBNA
005 20230928095019.0
007 ta
008 230509b bl.||||| |||| 00| 0 por d
040 _aBR-BrBNA
_bpor
_cBiblioteca Nacional de Agricultura
041 _a(Por)
072 _aE70
090 _ E70 BR9603018
110 1 _aAssociacao Baiana dos Criadores, Salvador, BA (Brasil)
_9176
245 1 _aFENAGRO 95. A festa nacional da agropecuaria - Catalogo
260 3 _aSalvador, BA (Brasil):
_c1995.
300 _a400 p.
650 _aExposicao Agricola
650 _aExposicao Pecuaria
909 _a202309
_bLucia
_c55
_dLucia Elande
942 _cBK
999 _c53999
_d53999